000 00517nam a2200169Ia 4500
008 231217s9999 xx 000 0 und d
020 _a9800000000000
041 _aEnglish
082 _a658.5 BAB;33
100 _aBabcock, Daniel L. Morse, Lucy C.
245 0 _aManaging engineering and technology : an introduction to management for engineers
250 _a3rd ed.
260 _c2002
_bPearson Education
_aNew Delhi
300 _a504
650 _aManaging,engineering,technology,:,management
942 _cAA
999 _c180865
_d180865